• 首页
  • 本馆介绍
  • 公告通知
  • 最新文献
  • 馆藏检索
  • 电子资源
  • 读者导购
  • 参考咨询
  • 我的图书馆
  • 登录
  • 详细信息显示
  • 放入我的书架
  • 预约/预借图书
  • 作者相关作品
  • 分类相关作品
  • 丛书相关作品
  • 出版社相关作品

书目信息

  • 表格格式
  • 工作单格式
  • 卡片格式
题名:
人体结构学
    
 
作者: 张敏平 , 徐国成 , 郁广田 主编
分册:  
出版信息: 北京   高等教育出版社  2013.7
页数: 292页
开本: 29cm
丛书名:
单 册:
中图分类: Q983
科图分类:
主题词: 人体结构--医学院校--教材 , 人体结构
电子资源:
ISBN: 978-7-04-037474-2
000 01112nam0 2200301 450
001 0400004274
005 20171023165015.0
010    @a978-7-04-037474-2@dCNY36.00
090    @aQ983@bzmp
100    @a20171023e20162013em y0chiy ea
101 0  @achi
102    @aCN@b110000
105    @aa z 000yy
106    @ar
200 1  @a人体结构学@9ren ti jie gou xue@dHuman body structure@f张敏平,徐国成,郁广田主编@zeng
210    @a北京@c高等教育出版社@d2013.7@h2016.9
215    @a292页@c图@d29cm
300    @a全国高等学校“十二五”医学规划教材(供临床·护理·助产·医学影像技术·康复治疗技术·口腔医学技术·药学·医学检验技术等专业用)
330    @a本书内容包括:基本组织、运动系统、消化系统、呼吸系统、泌尿系统、生殖系统、脉管系统、感觉器官、神经系统、内分泌系统和人体胚胎学概要。
510 1  @aHuman body structure@zeng
606 0  @a人体结构@x医学院校@j教材
606 0  @a人体结构
690    @aQ983@v5
701  0 @a张敏平@9zhang min ping@4主编
701  0 @a徐国成@9xu guo cheng@4主编
701  0 @a郁广田@9yu guang tian@4主编
801  0 @aCN@bNLC@c20171023
905    @b1037495-9@dQ983@f5@e50
    
    人体结构学=Human body structure/张敏平,徐国成,郁广田主编.-北京:高等教育出版社,2013.7(2016.9)
    292页:图;29cm
    全国高等学校“十二五”医学规划教材(供临床·护理·助产·医学影像技术·康复治疗技术·口腔医学技术·药学·医学检验技术等专业用)
    
    ISBN 978-7-04-037474-2:CNY36.00
    本书内容包括:基本组织、运动系统、消化系统、呼吸系统、泌尿系统、生殖系统、脉管系统、感觉器官、神经系统、内分泌系统和人体胚胎学概要。
●
相关链接 在E读中查询图书 在五车中查询图书 在当当中查询图书 在豆瓣中查询图书


正题名:人体结构学     索取号:Q983/50         预约/预借

序号 登录号 条形码 馆藏地/架位号 状态 备注
1 1037495   210374959   第二样本阅览室/ [索取号:Q983/50] 在馆    
2 1037496   210374968   生命科学系资料室/ [索取号:Q983/50] 在馆    
3 1037497   210374977   第三借阅区/ [索取号:Q983/50] 在馆    
4 1037498   210374986   第三借阅区/ [索取号:Q983/50] 在馆    
5 1037499   210374995   第三借阅区/ [索取号:Q983/50] 在馆    
唐山师范学院图书馆 欢迎您!
大连网信软件有限公司© 版权所有